000 00379nam a22001217a 4500
040 _cRUA
082 _aANN OUK 2019 A126 Or.1
100 _aOUK MAKARA, អ៊ុក ម៉ាការា
245 _aAnnual Report 2019 , របាយការណ៍ប្រចាំឆ្នាំ២០១៩
260 _aPHNOM PENH
_bRUA
_c2019
300 _avii,
_bill,
_c29cm,
942 _cREC
999 _c25181
_d25181